000 00740nam a2200229 a 4500
001 63359
003 BD-RjUL
005 20211209081205.0
008 170129s1992 ii ||||| |||| 00| 0 ben d
020 _c: TK 50.00
035 _a(BD-RjUL) 63488
040 _aBD-RjUL
_bben
_cBD-RjUL
041 _aben
082 _223
_a783
_bSEG 1992
100 _aসেন, অতুলপ্রসাদ
_9179531
245 1 0 _aগীতিগুঞ্জ /
_cঅতুলপ্রসাদ সেন
260 _aকলিকাতা :
_bবিধান সরণি,
_c১৯৯২ [১৩৯৯]
300 _a২৫২ পৃ. ;
_c২১ সেমি.
650 _aগান
_9186336
650 _aMusic
_9171253
942 _2ddc
_cBK
999 _c63359
_d63359